Cosmopolitan (Record no. 216758)
[ view plain ]
| 000 -LEADER | |
|---|---|
| fixed length control field | 00400nam a22001457a 4500 |
| 003 - CONTROL NUMBER IDENTIFIER | |
| control field | dpl |
| 005 - DATE AND TIME OF LATEST TRANSACTION | |
| control field | 20260622125330.0 |
| 008 - FIXED-LENGTH DATA ELEMENTS--GENERAL INFORMATION | |
| fixed length control field | 260622b |||||||| |||| 00| 0 eng d |
| 245 ## - TITLE STATEMENT | |
| Title | Cosmopolitan |
| Statement of responsibility, etc | edited by Aroon Purie |
| 260 ## - PUBLICATION, DISTRIBUTION, ETC. (IMPRINT) | |
| Place of publication, distribution, etc | Noida |
| Name of publisher, distributor, etc | Living Media India Ltd. |
| Date of publication, distribution, etc | June, 2026 |
| 300 ## - PHYSICAL DESCRIPTION | |
| Extent | v.30 : no.325 |
| 310 ## - CURRENT PUBLICATION FREQUENCY | |
| Current publication frequency | Monthly |
| Date of current publication frequency | June, 2026 |
| 700 ## - ADDED ENTRY--PERSONAL NAME | |
| Personal name | Purie, Aroon |
| 9 (RLIN) | 89452 |
| 942 ## - ADDED ENTRY ELEMENTS (KOHA) | |
| Source of classification or shelving scheme | Dewey Decimal Classification |
| Call number suffix | COS |
| Item type | Periodicals |
| Serial record | 1 |
| Withdrawn status | Lost status | Source of classification or shelving scheme | Damaged status | Not for loan | Collection code | Home library | Current library | Shelving location | Date acquired | Source of acquisition | Cost, normal purchase price | Total Checkouts | Full call number | Date last seen | Copy number | Cost, replacement price | Price effective from | Koha item type |
|---|---|---|---|---|---|---|---|---|---|---|---|---|---|---|---|---|---|---|
| Dewey Decimal Classification | Not For Loan | Non-fiction | D.B.Act.Division | D.B.Act.Division | On Display | 22/06/2026 | DBAD | 200.00 | COS | 22/06/2026 | 1 | 200.00 | 22/06/2026 | Periodicals |
